kku e-library facility

Database Systems: Design, Implementation and Management (Record no. 126)

MARC details
000 -LEADER
fixed length control field 00457nam a22001457a 4500
005 - DATE AND TIME OF LATEST TRANSACTION
control field 20260116105400.0
008 - FIXED-LENGTH DATA ELEMENTS--GENERAL INFORMATION
fixed length control field 260116b |||||||| |||| 00| 0 eng d
020 ## - INTERNATIONAL STANDARD BOOK NUMBER
International Standard Book Number 9781305866799
100 ## - MAIN ENTRY--PERSONAL NAME
Personal name Coronel Carlos & Morris Steven
245 ## - TITLE STATEMENT
Title Database Systems: Design, Implementation and Management
Statement of responsibility, etc. /Carlos Coronel
250 ## - EDITION STATEMENT
Edition statement 12th ed
260 ## - PUBLICATION, DISTRIBUTION, ETC.
Place of publication, distribution, etc. United States of America;
Name of publisher, distributor, etc. Cengage Learning;
Date of publication, distribution, etc. 2017.
300 ## - PHYSICAL DESCRIPTION
Extent xxiii; 791p.;
Dimensions 28.1cm
942 ## - ADDED ENTRY ELEMENTS (KOHA)
Source of classification or shelving scheme Library of Congress Classification
Suppress in OPAC No
Koha item type Books

No items available.

©2025 All rights reserved. KKU